000 03020 a2200277 4500
001 49344
005 20260407155757.0
008 260407a2007 arg spa d
003 AR-UNSa-BCEJYS
040 _aAR-UNSa-BCEJYS
_bspa
_cAR-UNSa-BCEJYS
080 _a349.2
_xDerecho del Trabajo
245 1 0 _aLas transformaciones de la empresa en el derecho del trabajo
020 _a978-950-727-775-7
264 1 _aSanta Fe :
_bRubinzal-Culzoni Editores
_c2007
300 _a885 p.
_c22 cm.
505 _a1. Las relaciones laborales en la reestructuración y saneamiento de las empresas / José Luis Monereo Pérez - 2. Las mutaciones de la empresa en el inicio del siglo XXI / Horacio Las Heras - 3. Las mutuaciones de la empresa en el inicio del siglo XXI / Hugo Fernández Bringoni - 4. La empresa como estructura compleja / Juan Pablo Mugnolo - 5. La empresa como estructura compleja / Ana Soleto Márquez - 6. Participación de los trabajadores en la gestión de la empresa / Silvia Esther Pinto Varela - 7. Formas actuales de la participación de los trabajadores en la empresa: ¿El imperio de lo verosímil? / Hugo Barretto Ghione - 8. La descentralización productiva (Anatomía y patología en Argentina) / Diego Martín Tosca - 9. Descentralización productiva responsable: El desafío de descentralizar sin precarizar / Gustavo Gauhtier - 10. La responsabilidad laboral en la franquicia / Antonio J. Barrera Nicholson - 11. Los grupos de empresa / Azucena Beatriz Ragusa - 12. Grupo de empresas / Alejandro Castello - 12. El tratamiento de las reestructuraciones y crisis de empresas en el sistema jurídico Argentino / Mariano Recalde - 13. El tratamiento de las reestructuraciones y crisis de empresas en el marco del MERCOSUR y en los sistemas nacionales comparados / Héctor Zapirain - 14. La regulación jurídico-laboral de la transmisión de empresas / Pablo Candal - 15. La regulación jurídico-laboral de la transmisión de empresas. Transmisión de empresas en el ordenamiento jurídico Uruguayo / Rosina Rossi Albert - 16. La regulación jurídico-laboral de los despidos colectivos / Marcelo G. Aquino - 17. La regulación jurídico-laboral de los despidos colectivos / María Violeta Saldivia y Pablo Balao Recchi - 18. La regulación jurídico-laboral de la insolvencia empresarial y la protección de los créditos laborales / Mariano Núñez - 19. La regulación jurídico-laboral de la insolvencia empresarial y la protección de los créditos laborales / Adriana López y Rosario Oiz Márquez - 20. La consideración de la empresa y su influencia sobre la caracterización de las relaciones laborales / Mariano Garmendia Arigón.
041 _aspa
942 _cBK
590 _aniveau_biblio:m niveau_hierar:0
100 1 _aAckerman, Mario E.
700 1 _aTosca, Diego M.
700 1 _aUriarte, Óscar Ermida
700 1 _aGoldín, Adrián
700 1 _aRaso Delgue, Juan
856 4 1 _uhttps://www.biblioeco.unsa.edu.ar/pmb/images/libros/L128026.jpg
_yImagen de portada
_qimage/jpeg
999 _c4815
_d4815